000 00942nam a2200229Ii 4500
003 JO-AjNU
008 230605s9999||||xx |||||||||||||| ||und||
017 _a89/7572
020 _a977-1431-68-4
040 _aJO-AjNU
_bara
_erda
_cJO-AjNU
041 _aara
050 1 4 _aBP173.758.Q35 1998
100 3 _aالقرضاوي، يوسف,
_eauthor
_97207
245 0 0 _aفوائد البنوك هي الربا الحرام: دراسة فقهية في ضوء القرآن والسنة والواقع مع مناقشة مفصلة لفتوى فضيلة المفتي عن شهادات الاستثمار
250 _aط3
264 3 1 _aبيروت: مؤسسة الرسالة للطباعة والنشر والتوزيع، 1998
300 _a188ص
336 _atext
_btxt
_2rdacontent
337 _aunmediated
_bn
_2rdamedia
338 _avolume
_bnc
_2rdacarrier
650 4 _aالربا- المعاملات- الاقتصاد الاسلامي
_97208
999 _aA162
_c3730
_d3730